| 000 | 00664nam a2200193 i 4500 | ||
|---|---|---|---|
| 001 | 50928 | ||
| 003 | ES-MaACL | ||
| 005 | 20250827022414.0 | ||
| 007 | t| | ||
| 008 | 030807s1968 sp ||||1| spa d | ||
| 245 | 0 | 0 | _aCurso de información administrativa. |
| 260 |
_aZaragoza : _bDiputación Provincial de Zaragoza, _c1968. |
||
| 300 |
_a271 p., 2 lám. ; _c24 cm. |
||
| 500 | _aPrecede al tít.: Instituto de Estudios Administración Local. | ||
| 710 | 2 |
_aInstituto de Estudios de Administración Local (España) _94893 |
|
| 710 | 1 |
_aZaragoza (Provincia). _bDiputación Provincial. _97585 |
|
| 852 |
_aES-MaACL _jC-30153 _bR.66641 |
||
| 999 |
_c50928 _d50928 |
||